The Americas Geography By Letter O - Picture Quiz - Statistics

General Stats
  • This quiz has been taken 232 times
  • The average score is 10 of 18
Answer Stats
Picture Hint Answer % Correct
(state) Oregon
88%
(animal) Otter
88%
(river) Ohio
87%
(lake) Ontario
87%
(geyser) Old Faithful
72%
(city) Ottawa
68%
(animal) Ocelot
62%
(animal) Opossum
58%
(state) Oaxaca
56%
(civilization) Olmec
56%
(river basin) Orinoco
54%
(region) Ozarks
49%
(county) Orange
44%
(city) Oklahoma City
43%
(animal) Oriole
38%
(people) Omaha
26%
(volcano) Ojos del Salado
9%
(department) Oruro
8%
No matching quizzes found
Score Distribution
Percent of People with Each Score
Percentile by Number Answered
Your Score History
You have not taken this quiz